El pacto /

Guardado en:
Autor Principal: Roitman, Bernando
Formato: Libro
Publicado: Buenos Aires : Del Carro de Tespis, 1965
Series:Colección Nuestro Teatro; No. 17
Materias:
Etiquetas: Agregar Etiqueta
Sin Etiquetas, Sea el primero en etiquetar este registro!
LEADER 00581nam a22002055a 4500
001 CEM.cems005517
005 20110518203007.0
008 130507s1965##################000#0#####d
003 CEMS
082 0 4 |a A862.4 
100 1 |a Roitman, Bernando 
245 1 0 |a El pacto /  |c Bernardo Roitman 
260 |a Buenos Aires :  |b Del Carro de Tespis,  |c 1965 
300 |a 46 p. 
490 0 |a Colección Nuestro Teatro; No. 17 
653 |a Literatura 
653 |a Literatura argentina 
653 |a Teatro 
653 |a Teatro argentino 
859 |a CEMS  |b BIB. CEMS - 11 de abril  |h A862.4  |i R637  |p 10143.81  |t Ej.1